000 00497nam a2200181Ia 4500
008 100917s9999 xx 000 0 und d
082 _b16430
100 _aधामणकर बा. वि.
245 _aचंद्रसेन मोहना
260 _b---
_c1906
300 _a100
365 _b0
520 _aनाटक
630 _aचंद्रसेन मोहना
650 _aनाटक
730 _aचंद्रसेन मोहना
942 _cBOOK
999 _c621824
_d621821